1923 1551 1043 1117 1395 1074 1409 1182 1347 1180 1168 1668 1594 1727 1648 1152 1096 1898 1826 1558 1836 1468 1613 1525 1879 1717 1466 1223 1538 1884 1364 1756 1739 1600 1669 1785 1792 1750 1903 1364 1980 1829 1464 1506 1001 1187 1424 1826 1597 1727 1584 1770 1765 1780 1794 1449 1223 1218 1329 1690 1113 1695 1821 1701 1946 1683 1941 1905 1972 1372 1828 1539 1098 1740 1482 1758 1307 1133 1972 1546 1263 1447 1681 1909 1036 1417 1101 1916 1714 1627 1084 1792 1837 1521 1761 1726 1294 1227 1524 BCNSPRNW ULIB Ver.6.0+V

เปลี่ยนเป็นภาษาไทย

Change to English
 แสดงรายละเอียดบรรณานุกรม
  กลับหน้าหลัก

Brief Record : Get Marc (ISO 2709) : E-mail record : QR code < ปิดหน้าต่าง
LEADER : 00000nam 2200000uu 4500
001    13399122537
003     ULIB
008    020711s2547 th a 000 0 tha d
020    9749581571
020    9789749581575
090    นว.^bก111ส
100    กัณหา แก้วไทย^eแปล
245    7สหายนักสืบ ตอน กล้องส่องทางไกล/^cกัณหา แก้วไทย
260    กรุงเทพฯ :^bแก้วกานต์,^c2547
300    138 หน้า
945    ^p60^l0^i19987
999    ^aทศพร เกษรทอง
รายการนี้ยังไม่มีแท็ก
คุณยังไม่ได้ล็อกอิน คุณสามารถมีกิจกรรมร่วมกับเว็บไซต์ได้ แต่ต้องล็อกอินก่อน ::
  ล็อกอิน

รายการสื่อสารสนเทศ

ลำดับที่ ประเภท เลขเรียก/บาร์โค้ด สถานที่ สถานะ
1. นวนิยาย
นวนิยาย
นว. ก111ส ฉ.1 
  Barcode: 19987
ห้องสมุดวิทยาเขตสวรรค์ประชารักษ์
►นวนิยาย
บนชั้น
  ขอยืม

BibComment


ยังไม่เคยถูกคอมเมนท์

คอมเมนท์ทรัพยากรรายการนี้
  คอมเมนท์: 7สหายนักสืบ ตอน ก..


 Copyright 2026. Bcnsprnw @Library